000 00716nam a2200229Ia 4500
005 20220721094130.0
008 210716s2005 xx 000 0 und d
020 _a8120330161
040 _cAIMIT LIBRARY
041 _aeng
082 _a005.1361
_22
_bBLAM
100 _aBlaha, Michael.
_952120
245 _aObject oriented modeling and design with UML /
_cBy Michael Blaha and James Rumbaugh.
250 _a2nd ed.
260 _aNew Delhi :
_bPHI Learning Pvt Ltd ,
_c2005.
300 _axvii, 477p. ;
_c22.5 cm.
650 _aEvents
_952121
650 _aDevelopment stages
_952122
650 _aDevelopment life cycle
_952123
700 _aRumbaugh, James.
_952124
942 _2ddc
_cBK
_e2nd
_k005.1361 BLAM
999 _c187914
_d187914